| 000 | 01131nam a2200241Ia 4500 | ||
|---|---|---|---|
| 999 |
_c47137 _d47137 |
||
| 001 | 13995 | ||
| 003 | GE_BSU | ||
| 005 | 20221122143345.0 | ||
| 008 | 181216s1978ge xx |||||||||||||| ||geo|| | ||
| 040 | _cGE_BSU | ||
| 041 | _ageo | ||
| 080 | _a821.111-11 მ-68 | ||
| 100 |
_aმილტონი, ჯონ, ავტორი. _915989 |
||
| 245 |
_aდაკარგული სამოთხე ; სამსონი / _cჯონ მილტონი ; წინასიტყვ. ავტ. ვ. ჭელიძე |
||
| 264 |
_aთბილისი : _bსაბჭოთა საქართველო, _c1978. |
||
| 300 |
_a445 გვ; _b21 სმ. |
||
| 440 |
_aმსოფლიო ლიტერატურის ბიბლიოთეკა : 1-ლი სერია ; ტ. 25 _915990 |
||
| 541 | _h12ლ. | ||
| 653 | _aდაკარგული სამოთხე.სამსონი. | ||
| 653 | _aმხატვრული ლიტერატურა | ||
| 700 |
_aჭელიძე, ვ _eწინასიტყვაობის ავტორი _96048 |
||
| 942 |
_cBK _2udc |
||